000
00346 a2200157 4500
001
152440
020
_a
9788506070116
040
_c
Escola São Tomás de Aquino
100
_a
KAFKA, Franz
240
1
0
_a
A metamorfose
_l
por
245
1
0
_a
A metamorfose
300
_a
94
362
0
_a
2013
697
_a
Romance / Ficção alemã
942
_c
BK
999
_c
152440
_d
152440